[Event "Bad Woerishofen op"]
[Site "?"]
[Date "2001.??.??"]
[Round "2"]
[White "Emami, Madjid"]
[Black "Siebrecht, Sebastian"]
[Result "0-1"]
[WhiteElo "2140"]
[BlackElo "2386"]
[Annotator "ChessOrg"]
[PlyCount "54"]
[EventDate "2000.??.??"]

1. Nf3 {D02: Damenbauernspiele} 1... c5 2. g3 Nc6 3. Bg2 d5 4. d4 Nf6 5. O-O
cxd4 6. Nxd4 e5 7. Nxc6 bxc6 8. Bg5 {letzter Buchzug} 8... Be6 (8... Rb8 9. b3
$15) 9. c4 $11 9... Qd7 10. Bxf6 gxf6 11. cxd5 cxd5 12. Nc3 Rd8 13. Rc1 Bh6 14.
e3 O-O (14... Rg8 15. Qd3 Rg6 16. Nb5 $14) 15. Na4 Bg4 16. Nc5 Qf5 17. Qc2 (17.
Qa4 d4 18. Rce1 18... Qg6 $16) 17... Qh5 (17... Qxc2 18. Rxc2 d4 19. h3 $11)
18. b4 d4 19. Ne4 Qg6 20. Kh1 (20. Qc6 $5 20... f5 21. Nf6+ Kg7 22. Nxg4 Qxc6
23. Rxc6 fxg4 24. exd4 exd4 25. Rc7 $14) 20... f5 $17 21. Nc5 dxe3 22. fxe3
Bxe3 23. Rce1 f4 24. Ne4 (24. Qc3 $5 24... Rfe8 25. gxf4 $19) 24... Rd2 $1 25.
Qxd2 Bxd2 26. Nxd2 fxg3 27. hxg3 (27. Re3 gxh2 28. Rxe5 $19) 27... Qh6+ (27...
Qh6+ 28. Kg1 28... Qxd2 $19) 0-1

[Event "Bad Woerishofen op"]
[Site "Bad Woerishofen"]
[Date "2001.??.??"]
[Round "4"]
[White "Emami, Madjid"]
[Black "Salvermoser, Bernd"]
[Result "0-1"]
[WhiteElo "2140"]
[BlackElo "2275"]
[Annotator "ChessOrg"]
[PlyCount "84"]
[EventDate "1998.03.05"]
[Source "ChessBase"]
[SourceDate "1998.04.29"]

1. Nf3 {
A10: Abarten von Hollaendisch, Damenindisch, Koenigsindisch (ohne d2-d4)} 1...
f5 2. g3 Nf6 3. Bg2 e6 4. O-O Be7 5. c4 O-O 6. Nc3 d5 7. d3 7... d4 {
letzter Buchzug} 8. Nb5 c5 (8... Nc6 $5 $11) 9. Bf4 $16 9... Nc6 10. Nc7 Rb8
11. Nb5 a6 (11... Ra8 $5 $11 $142) 12. Bxb8 axb5 13. Bf4 bxc4 14. dxc4 Nd7 15.
Qc1 h6 16. Rd1 g5 17. Bd2 e5 18. Ne1 e4 19. a3 Nde5 20. Rb1 Be6 21. b3 Qe8 22.
f4 Nf7 23. e3 (23. Qc2 23... Bd6 $16) 23... gxf4 24. gxf4 Nd6 25. b4 (25. exd4
$5 $142 25... cxd4 26. c5 $16) 25... Nxc4 $11 26. bxc5 (26. Bf1 Qg6+ (26...
Nxd2 $143 27. Rxd2 (27. Qxd2 $6 27... dxe3 28. Qxe3 28... cxb4 $11) 27... b6
28. exd4 Nxd4 29. Bc4 $14) 27. Ng2 27... d3 $11) 26... Bxc5 $15 27. Nc2 d3 28.
Nb4 Qh5 29. Nxc6 (29. Re1 Nxd2 30. Qxd2 Na5 31. Nxd3 31... Nc4 $17) 29... bxc6
$17 30. Re1 (30. Kh1 Bxa3 31. Qc3 31... Bb2 $17) 30... Bxa3 31. Qc3 Be7 (31...
c5 32. Rb7 Qg4 33. Qb3 $17) 32. Qc1 (32. Rb7 Bf6 (32... Nxd2 $2 33. Rxe7 (33.
Qxd2 $143 33... Bh4 $17) 33... Bf7 34. Qxd2 $18) 33. Qc1 33... Ra8 $17) 32...
Rf6 (32... Bh4 33. Rd1 $17) 33. Rb8+ Kf7 34. Bc3 (34. Rb7 $142 34... c5 35. Qd1
Qxd1 36. Rxd1 $19) 34... Rg6 35. Kh1 Qg4 (35... Rxg2 $5 $142 36. Kxg2 Bh4 37.
Rf1 Qe2+ 38. Kg1 Nxe3 39. Rb7+ Ke8 40. Rb8+ Kd7 41. Rb7+ Kc8 42. Rb2 Qg4+ 43.
Kh1 Nxf1 44. Qa1 $19) 36. Rg1 Qe2 37. Qe1 (37. Rb7 c5 (37... Qxe3 $6 38. Bb4
Qxc1 39. Rxe7+ (39. Rxc1 $143 39... d2 40. Rxe7+ 40... Kf6 $11) 39... Kf6 40.
Rxc1 $11) 38. Qe1 Nxe3 (38... Qxe3 39. Qh4 Rg5 40. Qxh6 $18) 39. Qxe2 39...
dxe2 $19) 37... Nxe3 38. Qxe2 dxe2 39. Rb7 (39. Be1 Bc5 (39... Nxg2 $143 40.
Rxg2 Bd5 41. Rxg6 Kxg6 42. Rb2 $19) (39... Rxg2 $6 40. Rxg2 Nxg2 41. Kxg2 $19)
40. Rb7+ 40... Ke8 $19) 39... Nd1 (39... Nxg2 $6 40. Rxg2 Rg4 41. h3 Rxg2 42.
Kxg2 $17) (39... Rxg2 $6 40. Rxg2 Nxg2 41. Kxg2 $17) 40. Be1 Rg4 (40... e3 41.
h3 Nf2+ 42. Kh2 $19) 41. h3 Rg7 (41... Rxf4 $6 42. Bb4 Nf2+ 43. Kh2 $15) 42.
Bxe4 $2 (42. Kh2 $19 $142) 42... Rxg1+ (42... Rxg1+ 43. Kxg1 43... fxe4 $19) (
42... fxe4 $6 43. Rxg7+ Kxg7 44. Rxe7+ Kf6 45. Rh7 $17) 0-1

[Event "Bad Woerishofen op"]
[Site "Bad Woerishofen"]
[Date "2001.??.??"]
[Round "6"]
[White "Emami, Madjid"]
[Black "Baramidze, David"]
[Result "0-1"]
[WhiteElo "2140"]
[BlackElo "2265"]
[Annotator "ChessOrg"]
[PlyCount "106"]
[EventDate "1998.03.05"]
[Source "ChessBase"]
[SourceDate "1998.04.29"]

1. Nf3 {A30: Englische Eroeffnung (Symmetrische Variante)} 1... c5 2. g3 b6 3.
b3 Nf6 4. Bg2 Bb7 5. Bb2 g6 6. O-O Bg7 7. c4 O-O 8. e3 d5 9. d4 {
letzter Buchzug} 9... dxc4 10. bxc4 cxd4 11. exd4 Qc7 12. Nbd2 Rd8 13. Qe2 e6
14. Rac1 Nc6 15. Rfe1 Rd7 16. d5 (16. c5 $5 $11) 16... exd5 $15 17. Ne5 Nxe5 (
17... Re8 18. cxd5 Nxd5 19. Qb5 Bxe5 20. Bxd5 $11) 18. Bxe5 Qd8 19. cxd5 Bxd5
20. Bxd5 Rxd5 21. Nf3 Rc8 22. Qa6 Rxc1 23. Rxc1 Rd1+ 24. Rxd1 Qxd1+ 25. Kg2 Qd7
26. Bb8 Nd5 27. Bxa7 (27. a3 27... b5 $15) 27... Qc6 (27... Nf4+ 28. Kf1 Qh3+
29. Ke1 Bc3+ 30. Kd1 Qd7+ 31. Kc2 31... Nd5 $19) 28. Bb8 Nb4 29. Qe2 h5 30. h4
Bf6 31. Kh2 (31. Bf4 31... b5 $15) 31... b5 (31... Nxa2 $5 32. Be5 32... Nc3
$17) 32. Be5 $11 32... Qe8 33. Qd2 Bxe5 34. Nxe5 Nxa2 35. Nxg6 fxg6 36. Qxa2+
Qf7 37. Qd2 Kh7 38. Qd4 Qe7 39. f4 b4 40. Qd3 Qf7 41. Qe4 b3 42. g4 (42. Kg2 $5
$17 $142) 42... hxg4 $19 43. h5 Kh6 (43... b2 $5 44. hxg6+ Qxg6 45. Qb7+ Qg7
46. Qe4+ Kh6 47. Qb4 g3+ 48. Kg2 $19) 44. hxg6 Qxg6 45. f5 (45. Qd4 $142 45...
Qh5+ 46. Kg1 $19) 45... Qd6+ 46. Kg2 b2 47. Qe3+ Kg7 48. Qc3+ Qf6 49. Qc7+ (49.
Qb4 Qc6+ 50. Kg3 Qf3+ 51. Kh4 Qh3+ 52. Kg5 Qe3+ 53. Kh4 $19) 49... Kh6 50. Qf4+
Kh5 51. Qe4 Kg5 52. Qc2 (52. Qe3+ Kxf5 53. Qd3+ Kg5 54. Qe3+ Kg6 55. Qe8+ 55...
Kh6 $19) 52... Qb6 53. Qd2+ Kh5 (53... Kh5 54. Qc2 b1=Q 55. Qxb1 Qxb1 56. Kf2
Qxf5+ 57. Ke3 g3 58. Kd2 g2 59. Kc3 g1=Q 60. Kb3 Qd3+ 61. Kb4 Qb6+ 62. Ka4
Qdb3#) 0-1

[Event "Bad Woerishofen op"]
[Site "Bad Woerishofen"]
[Date "2001.??.??"]
[Round "8"]
[White "Emami, Madjid"]
[Black "Martino-Gross, Peter"]
[Result "0-1"]
[WhiteElo "2140"]
[BlackElo "1936"]
[Annotator "ChessOrg"]
[PlyCount "140"]
[EventDate "1998.03.05"]
[Source "ChessBase"]
[SourceDate "1998.04.29"]

1. Nf3 {A07: Barcza-System (Koenigsfianchetto mit moeglichen Uebergaengen in
andere Systeme)} 1... d5 2. g3 Nf6 3. Bg2 g6 4. O-O Bg7 5. d3 O-O 6. Nbd2 b6 7.
e4 {letzter Buchzug} 7... dxe4 8. dxe4 Bb7 9. Re1 (9. e5 9... Nd5 $11) 9...
Nxe4 $15 10. Ng5 (10. Qe2 10... Nc5 $11) 10... Nd6 (10... Nxg5 $2 11. Bxb7 Nd7
12. Bxa8 Qxa8 13. Qg4 $18 (13. Rxe7 Nh3+ 14. Kf1 Qh1+ 15. Ke2 Ng1+ 16. Ke3 Qd5
17. Qxg1 Qg5+ 18. Kf3 18... Qxe7 $15)) 11. Bxb7 Nxb7 12. Qf3 c6 13. Nf1 Qc7 14.
h4 e5 15. h5 Nd7 16. hxg6 hxg6 (16... fxg6 $143 17. Qh1 Nf6 18. Ne6 $11) 17.
Re4 Nd6 18. Qh1 Nf6 (18... Rfe8 19. Qh7+ 19... Kf8 $19) 19. Rxe5 $15 19... Rae8
20. Bf4 Nh5 21. Ree1 Rxe1 22. Rxe1 Rd8 (22... Bxb2 $143 23. g4 Nf6 24. Nd2 $14)
23. Bc1 Re8 24. Rxe8+ Nxe8 25. Qf3 Qd7 26. Ne3 Nhf6 27. b3 Nc7 28. Bb2 Ncd5 29.
Nxd5 (29. Nc4 Nh7 30. Nxh7 Kxh7 31. Bxg7 31... Kxg7 $11) 29... Nxd5 (29... Qxd5
30. Qf4 Nh7 31. Qb8+ Nf8 32. Bxg7 Kxg7 33. Qf4 $11) 30. Bxg7 Kxg7 31. Ne4 Qe6
32. c4 Nf6 33. Ng5 Qe5 34. Qe3 Qxe3 35. fxe3 Ng4 36. Ne4 (36. e4 Kf6 37. Nf3
37... a5 $15) 36... Kf8 37. Kf1 Nxe3+ 38. Ke2 Nf5 39. Kd3 Ke7 40. b4 Nd6 41.
Nc3 Nf5 (41... Nb7 42. g4 $17) 42. Ne4 Ke6 43. Ng5+ Kf6 44. Ne4+ Ke5 45. a4 Nd6
46. Nd2 f5 47. a5 (47. Nf3+ $5 47... Ke6 48. Nd4+ Kd7 49. Nf3 $17) 47... Ne4
48. axb6 axb6 49. Nf3+ Kf6 50. Nd4 c5 51. bxc5 bxc5 52. Ne2 Ke5 53. Ke3 g5 54.
Kd3 f4 (54... Kf6 $19 $142) 55. gxf4+ $17 55... gxf4 56. Ng1 Ng5 57. Ne2 f3 58.
Ng3 Kf4 59. Nh5+ (59. Nf1 59... Nf7 $19) 59... Kg4 60. Nf6+ Kg3 (60... Kh3 $5
61. Ke3 Kg2 62. Ng4 $19) 61. Nh5+ Kf2 62. Nf4 Kg1 63. Ke3 f2 64. Ne2+ Kg2 65.
Nf4+ 65... Kg1 $4 (65... Kf1 $5 $142 66. Nd3 66... Nh3 $19) 66. Ne2+ $17 66...
Kf1 67. Nf4 Kg1 68. Ne2+ Kg2 69. Nf4+ Kf1 70. Nd3 Nh3 (70... Nh3 71. Kf3 Kg1
72. Nxf2 72... Nxf2 $19) 0-1

[Event "Bad Woerishofen op"]
[Site "Bad Woerishofen"]
[Date "2001.??.??"]
[Round "2"]
[White "Engels, Marco"]
[Black "Martinovic, Slobodan"]
[Result "0-1"]
[WhiteElo "2158"]
[BlackElo "2428"]
[Annotator "ChessOrg"]
[PlyCount "66"]
[EventDate "1998.03.05"]
[Source "ChessBase"]
[SourceDate "1998.04.29"]

1. d4 {E91: Koenigsindisch (Klassisches System)} 1... Nf6 2. c4 g6 3. Nc3 Bg7
4. e4 d6 5. Nf3 Bg4 6. Be2 O-O 7. Be3 Nc6 8. O-O Nd7 9. Rb1 {letzter Buchzug}
9... e5 10. d5 Ne7 11. Ne1 Bxe2 12. Qxe2 f5 13. f3 f4 14. Bf2 g5 15. Nd3 Nf6
16. c5 Ng6 17. Rfc1 Rf7 18. cxd6 cxd6 19. a4 h5 20. a5 Qxa5 21. Ra1 Qd8 22.
Rxa7 Rxa7 23. Bxa7 g4 24. Qf2 Bf8 25. Qb6 (25. Bb6 25... Qe7 $16) 25... Qd7 (
25... Qxb6+ $142 26. Bxb6 gxf3 27. gxf3 27... Rg7 $14) 26. Nf2 (26. Ne1 $14
$142) 26... gxf3 $17 27. gxf3 Nh4 28. Nb5 Nxf3+ 29. Kg2 (29. Kh1 Rg7 30. Nc3
30... Qf7 $19) 29... Nd2 $19 30. Rc7 Rg7+ 31. Kh1 Nf3 32. Nd1 (32. Rc1 Qf7 33.
Nh3 Nxe4 34. Rc7 Qxd5 35. Rxg7+ Bxg7 36. Nc3 Nxc3 37. Qf2 Ng5+ 38. Qg2 f3 39.
Nf4 fxg2+ 40. Nxg2 Qd1+ 41. Ne1 Qxe1+ 42. Kg2 Qe4+ 43. Kf1 Qe2+ 44. Kg1 Nf3+
45. Kh1 Qxh2#) 32... Qh3 33. Rxg7+ Bxg7 (33... Bxg7 34. Qf2 Nxe4 35. Qxf3 Qxf3+
36. Kg1 Qxd1+ 37. Kg2 f3+ 38. Kh3 f2 39. Bxf2 Qg4#) 0-1

[Event "Bad Woerishofen op"]
[Site "Bad Woerishofen"]
[Date "2001.??.??"]
[Round "4"]
[White "Engels, Marco"]
[Black "Mueller, Wolfgang"]
[Result "1-0"]
[WhiteElo "2158"]
[BlackElo "1900"]
[Annotator "ChessOrg"]
[PlyCount "79"]
[EventDate "1998.03.05"]
[Source "ChessBase"]
[SourceDate "1998.04.29"]

1. d4 {D45: Damengambit (Anti-Meraner Variante)} 1... d5 2. c4 c6 3. Nf3 e6 4.
Qc2 Nf6 5. e3 Nbd7 6. Nc3 6... Qc7 {letzter Buchzug} 7. Bd2 Be7 8. Rc1 Qb8 9.
Bd3 dxc4 10. Bxc4 b5 11. Bd3 a5 12. Ne4 Bb7 13. Nc5 (13. Nxf6+ Bxf6 14. O-O
14... Qd6 $14) 13... Bxc5 (13... Nxc5 14. dxc5 h6 15. Bc3 $11) 14. dxc5 b4 15.
Nd4 Ne5 16. Be2 Ba6 (16... O-O $5 $14 $142) 17. f4 $16 17... Bxe2 (17... Ned7
18. Bf3 Bb7 19. Nxc6 $18 (19. Bxc6 $6 19... Bxc6 20. Nxc6 20... Qb7 $11)) 18.
fxe5 $18 (18. Nxe2 $6 18... Ng6 $14) (18. Kxe2 $6 18... Ned7 $14) 18... Qxe5
19. Nxe2 Ng4 (19... Rd8 20. a3 $18) 20. Qc4 Nxe3 21. Bxe3 Qxe3 22. Qd4 Qg5 23.
O-O (23. Qd6 Qxg2 24. Rg1 24... Qd5 $18) 23... Rd8 $16 24. Qe4 O-O 25. Nd4 (25.
Qxc6 $6 25... Qe3+ 26. Rf2 26... Rd2 $14) 25... Qd2 (25... Rd5 $18 $142) 26.
Nxc6 Rd3 (26... Rde8 27. Rc2 (27. Nxa5 $143 27... Qxb2 28. Rc2 28... Qa3 $18)
27... Qd7 28. Re1 $18) 27. Ne5 (27. Nxa5 $5 $142 27... Re3 28. Rc2 Rxe4 29.
Rxd2 29... f5 $18) 27... Rd5 28. c6 Qxb2 (28... f5 29. Nc4 Qh6 30. Qe1 $18) 29.
Nd7 (29. Nxf7 Rf5 (29... Rxf7 $4 30. c7 Qxc1 31. Rxc1 $18) 30. c7 h6 31. Nxh6+
31... gxh6 $18) 29... Rd4 (29... Rc8 30. Nb6 Re5 31. Qh4 $18) 30. Qf3 (30. Qe5
$142 30... Rc8 31. Nb6 $18 (31. Qxa5 $6 31... Rd2 32. Qg5 32... Qxa2 $18))
30... Rxd7 31. cxd7 Qd4+ 32. Qf2 Qxd7 33. Qb6 Qa4 34. Rc7 Qxa2 (34... h6 35.
Qf2 35... Kh7 $18) 35. Rcxf7 $3 35... Rc8 (35... Rxf7 36. Qb8+ Rf8 37. Qxf8#)
36. Qc5 $3 36... h6 (36... Rxc5 37. Rf8#) 37. Qxc8+ Kh7 38. Qc7 (38. Rxg7+ Kxg7
39. Qf8+ Kh7 40. Rf7+ Kg6 41. Rf6+ Kh5 42. Qxh6+ Kg4 43. Rf4#) 38... Qb2 39.
Rxg7+ $1 39... Qxg7 40. Rf7 (40. Rf7 Qxf7 41. Qxf7+ Kh8 42. Qxe6 $18) 1-0

[Event "Bad Woerishofen op"]
[Site "Bad Woerishofen"]
[Date "2001.??.??"]
[Round "6"]
[White "Engels, Marco"]
[Black "Reichenbacher, Gerhard"]
[Result "1-0"]
[WhiteElo "2158"]
[BlackElo "1836"]
[Annotator "ChessOrg"]
[PlyCount "89"]
[EventDate "1998.03.05"]
[Source "ChessBase"]
[SourceDate "1998.04.29"]

1. d4 {E92: Koenigsindisch (Klassisches System)} 1... Nf6 2. c4 g6 3. Nc3 Bg7
4. e4 d6 5. Nf3 O-O 6. Be2 e5 7. d5 a5 8. Bg5 Na6 9. Nd2 Nc5 10. Qc2 c6 11. O-O
Qc7 12. Rac1 {letzter Buchzug} 12... Ng4 13. f3 Bh6 14. Bxh6 (14. fxg4 Bxg5 15.
Rce1 Be3+ 16. Kh1 16... f6 $11) 14... Nxh6 15. b3 (15. f4 exf4 16. Rxf4 16...
f5 $11) 15... f5 $11 16. Kh1 f4 17. a3 Qe7 18. b4 Nd7 19. c5 (19. dxc6 bxc6 20.
b5 20... Bb7 $14) 19... dxc5 20. b5 cxb5 21. Nxb5 Nf7 22. Nc4 b6 23. d6 Qf6 24.
Nc7 Rb8 25. Rfd1 Bb7 26. Rb1 Bc6 27. Nd5 Bxd5 28. Rxd5 b5 (28... Rfc8 $15 $142)
29. Nxa5 $16 29... Nb6 (29... b4 $5 30. axb4 30... cxb4 $16) 30. Rxc5 $18 30...
Nxd6 31. Bxb5 Nxb5 32. Rcxb5 Rfc8 33. Qb2 Nd7 34. a4 Rxb5 35. axb5 Nb6 (35...
Rc5 36. Qa3 $18) 36. Nc6 Re8 37. Qb4 Qe6 38. Qc5 Qa2 39. Rc1 39... Qb2 $2 (
39... Nd7 40. Qd6 Qe6 41. Rd1 $18) 40. h3 (40. Rg1 $142 40... Na8 41. Qd5+ Kf8
42. Nd8 $18) 40... Kg7 41. Rg1 Nc8 42. Nb4 (42. Nd8 Qd4 43. Qc7+ Kh6 44. Nf7+
Kg7 45. Ng5+ 45... Kh6 $18) 42... Qd4 43. Qxd4 exd4 44. Rd1 (44. Nc6 44... Kf6
$18) 44... Rd8 (44... Nd6 45. b6 Rb8 46. Nd5 $18) 45. Nc6 (45. Nc6 Rd6 46. Rd3
$18) 1-0

[Event "Bad Woerishofen op"]
[Site "Bad Woerishofen"]
[Date "2001.??.??"]
[Round "8"]
[White "Engels, Marco"]
[Black "Haecker, Roland"]
[Result "1/2-1/2"]
[WhiteElo "2158"]
[BlackElo "1723"]
[Annotator "ChessOrg"]
[PlyCount "109"]
[EventDate "1998.03.05"]
[Source "ChessBase"]
[SourceDate "1998.04.29"]

1. d4 {D35: Damengambit (Abtauschvariante)} 1... d5 2. c4 e6 3. Nc3 Nf6 4. cxd5
exd5 5. Bg5 Be7 6. e3 c6 7. Bd3 O-O 8. Qc2 h6 9. h4 {letzter Buchzug} 9... Nbd7
10. O-O-O (10. Bf4 10... Re8 $11) 10... Re8 $15 11. Bxf6 (11. Bf4 11... Qa5 $15
) 11... Nxf6 (11... gxf6 $143 12. Qe2 $14) 12. Kb1 a5 13. f3 Bb4 14. g4 Rxe3
15. g5 Nh5 16. Qd2 $2 (16. gxh6 gxh6 17. Bh7+ 17... Kh8 $17) 16... Qe7 $4 (
16... Rxd3 17. Qxd3 Ng3 18. Qd2 Nxh1 19. Qg2 $19) 17. Be4 $4 (17. Nge2 $15 $142
) 17... Rxe4 $19 (17... dxe4 $143 18. Qxe3 Bf5 19. f4 $14) 18. fxe4 Bxc3 19.
Qe3 $2 (19. Qd3 Bb4 20. exd5 20... Bg4 $19) 19... Bb4 (19... Bf5 20. Rh3 Qxe4+
21. Qxe4 Bxe4+ 22. Kc1 $19) 20. a3 $2 (20. e5 Bf5+ 21. Ka1 21... Be4 $19) 20...
Bd6 (20... Bf5 $1 $142 21. Rh3 Qxe4+ 22. Qxe4 Bxe4+ (22... dxe4 $143 23. axb4
e3+ 24. Kc1 Bxh3 25. Nxh3 $19) 23. Ka2 23... Nf4 $19) 21. e5 Bf5+ 22. Ka2 Bc7 (
22... Qe6 $5 23. gxh6 gxh6 24. Ne2 $19) 23. gxh6 $17 23... g6 24. Nf3 Re8 25.
Rhg1 Kh8 26. Rg5 (26. Rc1 26... f6 $17) 26... f6 27. Rxh5 $2 (27. Rgg1 $19 $142
) 27... gxh5 28. Qf4 (28. Rg1 28... Bg4 $19 (28... fxe5 29. Rg7 Qd8 30. Qg5
Qxg5 31. Nxg5 $11)) 28... Bg4 (28... Be4 $5 29. Re1 $19) 29. Re1 Qf8 30. Rf1 (
30. Qxf6+ Qxf6 31. exf6 Rxe1 (31... Bxf3 $4 32. Rxe8+ Kh7 33. Re7+ Kxh6 34.
Rxc7 $18) 32. Nxe1 32... Kg8 $19) 30... fxe5 31. Qg5 Qe7 (31... Bd8 32. Nxe5
Bxg5 33. Ng6+ Kg8 34. h7+ (34. Nxf8 $4 34... Bxh6 35. Ng6 35... Be3 $19) 34...
Kxh7 35. Nxf8+ Kg7 36. hxg5 Rxf8 37. Re1 $19) 32. Nxe5 $2 (32. Qxe7 Rxe7 33.
Ng5 $19) 32... Bxe5 33. dxe5 Qxg5 (33... Qxe5 34. Rf8+ $5 34... Kh7 35. Rf7+
Kh8 36. Qg6 Qxb2+ 37. Kxb2 Re2+ 38. Kc3 Re3+ 39. Kd4 Re4+ 40. Kc5 b6+ 41. Kxb6
Rb4+ 42. axb4 axb4 43. Qg7#) 34. hxg5 Rg8 (34... Rxe5 $6 35. Rf8+ Kh7 36. Rf7+
Kg8 37. g6 $11) 35. e6 Bxe6 36. Rf6 Rxg5 (36... Bg4 $5 37. g6 h4 38. h7 $19)
37. Rxe6 Kh7 38. Re7+ Kxh6 39. Rxb7 h4 40. b4 (40. Rb8 Kh5 41. b4 41... a4 $19)
40... axb4 (40... h3 41. Rb8 Kh7 42. bxa5 $19) 41. Rxb4 Kh5 42. a4 Rg4 (42...
h3 $5 43. Rb1 $19) 43. Rxg4 Kxg4 44. a5 h3 45. a6 h2 46. a7 h1=Q 47. a8=Q Qg2+
48. Ka1 Qf1+ 49. Ka2 (49. Kb2 49... Qc4 $19) 49... Qe2+ 50. Ka1 Qd1+ 51. Ka2
Qc2+ 52. Ka1 52... Kf4 $4 (52... Qc1+ $142 53. Ka2 53... d4 $19) 53. Qb8+ $11
53... Ke3 54. Qb3+ $4 (54. Qg3+ $142 54... Kd4 55. Qe3+ Kc4 56. Qb3+ 56... Qxb3
$11) 54... Kd2 (54... Qd3 $19 $142) 55. Qe3+ $11 1/2-1/2

[Event "Bad Woerishofen op"]
[Site "?"]
[Date "2001.??.??"]
[Round "1"]
[White "Engl, Heinz"]
[Black "Noras, Peter"]
[Result "1-0"]
[WhiteElo "2142"]
[BlackElo "1632"]
[Annotator "ChessOrg"]
[PlyCount "34"]
[EventDate "2000.??.??"]

1. e4 {B01: Skandinavische Verteidigung} 1... d5 2. exd5 Nf6 3. d4 Bg4 4. Nf3
Qxd5 5. Be2 Nc6 6. c4 6... Qa5+ {letzter Buchzug} 7. Bd2 Qf5 8. Qa4 Qd7 (8...
O-O-O 9. Be3 9... e6 $11) 9. Nc3 (9. d5 $142 9... Bxf3 10. Bxf3 $11 (10. gxf3
$143 10... Nd4 11. Qxd7+ 11... Nxd7 $15)) 9... Bxf3 $17 10. Bxf3 Nxd4 11. Qd1
Qe6+ 12. Be3 12... O-O-O $4 (12... Nxf3+ $142 13. Qxf3 13... O-O-O $17) 13. Bd5
$18 13... Nxd5 (13... Qd6 14. Bxd4 c6 15. Bxf6 Qxf6 16. Qg4+ 16... e6 $16) 14.
cxd5 Qg6 15. Qxd4 (15. Bxd4 $6 15... Qxg2 16. Rf1 e5 17. Bxa7 17... Bb4 $16)
15... Qxg2 16. O-O-O b6 17. Qc4 c5 (17... Kb7 18. Nb5 Rc8 19. Qc6+ 19... Kb8
$18) 1-0

[Event "Bad Woerishofen op"]
[Site "Bad Woerishofen"]
[Date "2001.??.??"]
[Round "3"]
[White "Engl, Heinz"]
[Black "Willin, Bernhard"]
[Result "1-0"]
[WhiteElo "2142"]
[BlackElo "1700"]
[Annotator "ChessOrg"]
[PlyCount "75"]
[EventDate "1998.03.05"]
[Source "ChessBase"]
[SourceDate "1998.04.29"]

1. e4 {B94: Sizilianisch (Najdorf-Variante mit 6.Lg5)} 1... c5 2. Nf3 d6 3. d4
cxd4 4. Nxd4 Nf6 5. Nc3 a6 6. Bg5 e5 7. Nb3 Be6 8. Be2 Be7 9. O-O 9... Nbd7 {
letzter Buchzug} 10. Qd2 Rc8 11. Rfd1 O-O 12. f3 b5 13. Be3 Nb6 14. Nd5 $4 (14.
a4 $142 14... Nc4 15. Bxc4 bxc4 16. Nc1 $11) 14... Nbxd5 $17 15. exd5 Nxd5 (
15... Bxd5 $143 16. a4 $15) 16. Bf2 $2 (16. Bd3 Nxe3 17. Qxe3 17... Bg5 $17)
16... Nf4 $4 (16... Bg5 $142 17. Qe1 17... Rxc2 $19) 17. Bf1 $17 17... Qc7 18.
c3 Bf5 (18... Rfd8 $5 $17) 19. Be3 $11 19... Ng6 20. a4 Be6 21. Nc1 Bc4 22.
axb5 axb5 23. Nd3 Ra8 24. Nb4 Qb7 25. Bxc4 bxc4 26. Nd5 Bd8 (26... Rxa1 27.
Rxa1 Ra8 28. Rxa8+ Qxa8 29. Qd1 $17) 27. Rxa8 $15 27... Qxa8 28. Nb6 (28. Qe2
28... Qa4 $15) 28... Bxb6 $17 29. Bxb6 Qa2 30. Qxd6 Qxb2 31. Bc5 Qxc3 (31... h6
$19 $142) 32. Qd7 $11 32... Nf4 33. Bxf8 33... Qe3+ $2 (33... Qc2 $142 34. Rd2
Qc1+ 35. Kf2 35... c3 $14) 34. Kh1 $18 34... Nd3 35. h3 Nf2+ 36. Kh2 36... Nxd1
$2 (36... Qf4+ 37. g3 37... Qxf3 $18) 37. Qd8 Qf4+ (37... h6 38. Bc5+ Kh7 39.
Bxe3 39... Nxe3 $18) 38. g3 (38. g3 Qxg3+ 39. Kxg3 $18) 1-0

[Event "Bad Woerishofen op"]
[Site "Bad Woerishofen"]
[Date "2001.??.??"]
[Round "5"]
[White "Engl, Heinz"]
[Black "Sepp, Lothar"]
[Result "0-1"]
[WhiteElo "2142"]
[BlackElo "1866"]
[Annotator "ChessOrg"]
[PlyCount "126"]
[EventDate "1998.03.05"]
[Source "ChessBase"]
[SourceDate "1998.04.29"]

1. e4 {C10: Franzoesische Verteidigung (Rubinstein-Variante)} 1... e6 2. d4 d5
3. Nc3 dxe4 4. Nxe4 Nd7 5. Nf3 Ngf6 6. Nxf6+ Nxf6 7. Bd3 b6 8. O-O Bb7 9. c3
Be7 10. Qe2 O-O 11. Bg5 {letzter Buchzug} 11... Nd7 12. Bf4 c5 13. Rad1 Bxf3
14. Qxf3 cxd4 (14... Qe8 15. d5 exd5 16. Qxd5 $16) 15. Be4 (15. Bxh7+ Kxh7 16.
Rxd4 Bc5 17. Qd3+ g6 18. Rxd7 18... Qh4 $18) 15... e5 16. Bxa8 Qxa8 17. Qxa8
Rxa8 18. Bg3 (18. Be3 dxe3 19. Rxd7 Bc5 20. fxe3 Bxe3+ 21. Kh1 21... f6 $16)
18... Bf6 $16 19. cxd4 exd4 20. Rfe1 g6 21. f3 Nc5 22. Be5 Bxe5 23. Rxe5 Ne6
24. f4 Rd8 25. f5 gxf5 26. Rxf5 Rd7 27. b4 Kg7 28. Rc1 Kg6 29. Rf3 a5 30. bxa5
bxa5 31. Rc8 (31. Kf2 31... h5 $16) 31... d3 $14 32. Rc1 Nd4 (32... Ng5 33. Re3
d2 34. Rd1 $11) 33. Rg3+ Kf5 34. Rf1+ Ke4 35. Kf2 Nc2 36. Rg4+ Ke5 37. Ra4 Rd6
(37... Rd5 38. Rh4 $14) 38. Rd1 (38. Rxa5+ Ke4 39. Ra4+ 39... Ke5 $18) 38...
Rf6+ $16 39. Kg1 Rd6 40. Rxa5+ Kd4 41. Rh5 $4 (41. Ra4+ $142 41... Ke3 42. Rc4
$16) 41... Ne3 $17 42. Rxd3+ Kxd3 43. Rxh7 Rf6 44. h3 (44. h4 Rf1+ 45. Kh2
45... f5 $17) 44... Rf1+ 45. Kh2 Rf2 46. Kg3 Rxg2+ 47. Kf3 Rg1 48. Rh8 (48. a4
Rf1+ 49. Kg3 49... f5 $19) 48... Rf1+ 49. Kg3 Ra1 50. Ra8 Nd5 51. Kg4 51...
Ne3+ $4 (51... Ke4 52. Re8+ Kd4 53. Ra8 $19) 52. Kg5 $4 (52. Kg3 Rg1+ 53. Kf4
Rf1+ 54. Kg5 f6+ 55. Kh5 $19) 52... f5 53. Ra3+ Ke2 54. Ra4 Rg1+ 55. Kf4 Rh1
56. Kg3 56... Nf1+ $4 (56... Rf1 $19 $142) 57. Kf4 $15 57... Ne3 (57... Rxh3
$142 58. Kxf5 Ne3+ 59. Ke6 59... Kd3 $15) 58. Kg3 $19 58... Nd5 59. Rd4 f4+ 60.
Kg4 Rg1+ 61. Kh5 Nf6+ 62. Kh4 f3 63. Rf4 Rg6 (63... Rg6 64. Rf5 f2 65. Re5+ Kf3
66. Rf5+ 66... Ke3 $19) 0-1